000 00724nam a2200217 a 4500
001 12992
003 BD-JhCC
005 20230611103000.0
008 230611s20222010bg |||| |||| 000 0 ben d
020 _a9789848673201
035 _a(BD-JhCC)12992
040 _aBD-JhCC
_dBD-JhCC
041 _aben
082 _a910
_bZAM 2022
100 _aজামান, এম. কিউ
245 _aভূবিজ্ঞান ও বিশ্ব পরিচিতি /
_cএম. কিউ জামান
260 _aঢাকা :
_bকোয়ালিটি পাবলিকেশন,
_c২০২২
300 _a৯২৪ পৃ. :
_bম্যাপ;
_c২৩ সেমি.
650 _aGeography
942 _2ddc
_cBK
999 _c12992
_d12992